MARC details
| 000 -LEADER |
| fixed length control field |
04315cam a22004338i 4500 |
| 001 - CONTROL NUMBER |
| control field |
17806642 |
| 003 - CONTROL NUMBER IDENTIFIER |
| control field |
ARRUPE |
| 005 - DATE AND TIME OF LATEST TRANSACTION |
| control field |
20140216020005.0 |
| 008 - FIXED-LENGTH DATA ELEMENTS--GENERAL INFORMATION |
| fixed length control field |
130710s2013 nyu b 001 0 eng |
| 010 ## - LIBRARY OF CONGRESS CONTROL NUMBER |
| LC control number |
2013020823 |
| 020 ## - INTERNATIONAL STANDARD BOOK NUMBER |
| International Standard Book Number |
9780824549817 (pbk.) |
| 040 ## - CATALOGING SOURCE |
| Original cataloging agency |
DLC |
| Language of cataloging |
eng |
| Transcribing agency |
DLC |
| Description conventions |
rda |
| 042 ## - AUTHENTICATION CODE |
| Authentication code |
pcc |
| 043 ## - GEOGRAPHIC AREA CODE |
| Geographic area code |
n-us--- |
| 050 00 - LIBRARY OF CONGRESS CALL NUMBER |
| Classification number |
BX1407.P63 |
| Item number |
G74 2013 |
| 082 00 - DEWEY DECIMAL CLASSIFICATION NUMBER |
| Classification number |
261.8088/282 |
| Edition number |
23 |
| 084 ## - OTHER CLASSIFICATION NUMBER |
| Classification number |
REL084000 |
| -- |
REL012110 |
| -- |
POL024000 |
| Source of number |
bisacsh |
| 100 1# - MAIN ENTRY--PERSONAL NAME |
| Personal name |
Gregg, Samuel, |
| Dates associated with a name |
1969- |
| 9 (RLIN) |
5644 |
| 245 10 - TITLE STATEMENT |
| Title |
Tea party Catholic : |
| Remainder of title |
the Catholic case for limited government, a free economy, and human flourishing / |
| Statement of responsibility, etc |
Samuel Gregg ; [foreword by] Michael Novak. |
| 263 ## - PROJECTED PUBLICATION DATE |
| Projected publication date |
1308 |
| 300 ## - PHYSICAL DESCRIPTION |
| Extent |
pages cm |
| 504 ## - BIBLIOGRAPHY, ETC. NOTE |
| Bibliography, etc |
Includes bibliographical references and index. |
| 520 ## - SUMMARY, ETC. |
| Summary, etc |
"Over the past fifty years, increasing numbers of American Catholics have abandoned the economic positions associated with Franklin Roosevelt's New Deal and chosen to embrace the principles of economic freedom and limited government: ideals upheld by Ronald Reagan and the Tea Party movement but also deeply rooted in the American Founding. This shift, alongside America's growing polarization around economic questions, has generated fierce debates among Catholic Americans in recent years. Can a believing Catholic support free markets? Does the Catholic social justice commitment translate directly into big government? Do limited government Catholic Americans have something unique to contribute to the Church's thinking about the economic challenges confronting all Catholics around the globe? In Tea Party Catholic, Samuel Gregg draws upon Catholic teaching, natural law theory, and the thought of the only Catholic Signer of America's Declaration of Independence, Charles Carroll of Carrollton--the first "Tea Party Catholic"--to develop a Catholic case for the values and institutions associated with the free economy, limited government, and America's experiment in ordered liberty. Beginning with the nature of freedom and human flourishing, Gregg underscores the moral and economic benefits of business and markets as well as the welfare state's problems. Gregg then addresses several related issues that divide Catholics in America. These include the demands of social justice, the role of unions, immigration, poverty, and the relationship between secularism and big government. Above all, Gregg underlines how economic freedom's corrosion in America is undermining the United States' robust commitment to religious liberty--a principle integral not only to the American Founding and the life of Charles Carroll but also the teaching of the Second Vatican Council. As a creative minority, Gregg argues, limited government Catholics can help transform the wider movement to reground the United States upon the best insights of the American Experiment--and thereby save that Experiment itself"-- |
| 520 ## - SUMMARY, ETC. |
| Summary, etc |
"Large number of Catholics - especially practicing Catholics - have gravitated to the conservative side of American politics since the 1970s. This is often because of the Democratic Party's position on controversial social issues. The sales of books written by American Catholics such as Michael Novak and Robert Sirico who are strong proponents of the free market economy indicate that such Catholics are looking for, and inspired to buy, books that make a Catholic case for economic freedom, free markets, and limited government"-- |
| 610 20 - SUBJECT ADDED ENTRY--CORPORATE NAME |
| Corporate name or jurisdiction name as entry element |
Catholic Church |
| General subdivision |
Political activity |
| Geographic subdivision |
United States. |
| 9 (RLIN) |
5645 |
| 610 20 - SUBJECT ADDED ENTRY--CORPORATE NAME |
| Corporate name or jurisdiction name as entry element |
Tea Party Patriots. |
| 9 (RLIN) |
5646 |
| 610 20 - SUBJECT ADDED ENTRY--CORPORATE NAME |
| Corporate name or jurisdiction name as entry element |
Catholic Church |
| General subdivision |
Doctrines. |
| 9 (RLIN) |
5647 |
| 650 #0 - SUBJECT ADDED ENTRY--TOPICAL TERM |
| Topical term or geographic name as entry element |
Christian conservatism |
| Geographic subdivision |
United States. |
| 9 (RLIN) |
5648 |
| 650 #0 - SUBJECT ADDED ENTRY--TOPICAL TERM |
| Topical term or geographic name as entry element |
Church and social problems |
| General subdivision |
Catholic Church. |
| 9 (RLIN) |
5649 |
| 650 #0 - SUBJECT ADDED ENTRY--TOPICAL TERM |
| Topical term or geographic name as entry element |
Church and social problems |
| Geographic subdivision |
United States. |
| 9 (RLIN) |
5650 |
| 650 #0 - SUBJECT ADDED ENTRY--TOPICAL TERM |
| Topical term or geographic name as entry element |
Christianity and politics |
| Geographic subdivision |
United States. |
| 9 (RLIN) |
5651 |
| 650 #0 - SUBJECT ADDED ENTRY--TOPICAL TERM |
| Topical term or geographic name as entry element |
Christianity and politics |
| General subdivision |
Catholic Church. |
| 9 (RLIN) |
5652 |
| 650 #7 - SUBJECT ADDED ENTRY--TOPICAL TERM |
| Topical term or geographic name as entry element |
RELIGION / Religion, Politics & State. |
| Source of heading or term |
bisacsh |
| 9 (RLIN) |
5653 |
| 650 #7 - SUBJECT ADDED ENTRY--TOPICAL TERM |
| Topical term or geographic name as entry element |
RELIGION / Christian Life / Social Issues. |
| Source of heading or term |
bisacsh |
| 9 (RLIN) |
5654 |
| 650 #7 - SUBJECT ADDED ENTRY--TOPICAL TERM |
| Topical term or geographic name as entry element |
POLITICAL SCIENCE / Public Policy / Economic Policy. |
| Source of heading or term |
bisacsh |
| 9 (RLIN) |
5655 |
| 906 ## - LOCAL DATA ELEMENT F, LDF (RLIN) |
| a |
7 |
| b |
cbc |
| c |
orignew |
| d |
1 |
| e |
ecip |
| f |
20 |
| g |
y-gencatlg |
| 942 ## - ADDED ENTRY ELEMENTS (KOHA) |
| Source of classification or shelving scheme |
Library of Congress Classification |
| Koha item type |
Monograph ( Printed materials) |
| Koha issues (borrowed), all copies |
1 |